000 00414nam a2200145Ia 4500
008 210716s2008 xx 000 0 und d
020 _a9780071484992
041 _aeng
082 _a153.85 PATK
100 _aPatterson, Kerry; Grenny, Joseph; Maxfield, David; Mcmillan, Ron; Switzler, Al.
245 _aInfluencer.
260 _aNew York
_bMc Graw Hill
_c2008
300 _ax,299
650 _aGeneral Management
999 _c206265
_d206265